| 000 | 01062nas a2200361 4500 | ||
|---|---|---|---|
| 001 | BR0603099 | ||
| 003 | BR-BrBNA | ||
| 005 | 20231205110138.0 | ||
| 007 | ta | ||
| 008 | 230509b bl.|||p| |||| 00| 00por d | ||
| 040 |
_aBR-BrBNA _bpor _cBiblioteca Nacional de Agricultura |
||
| 041 | _a(Pt) | ||
| 072 | _aF30; Q54 | ||
| 100 | 1 | _aNireuram A.L. | |
| 100 | 1 | _aRuggieri, A.C. | |
| 100 | 1 | _aReis, R.A. | |
| 100 | 1 | _aSeixa, P.F. | |
| 100 | 1 | _aPedreira, M.S. | |
| 100 | 1 | _aGodoy, R. | |
| 245 | 1 | _aAvaliação da aveia preta e de genótipos de aveia amarela para produção de forragem | |
| 650 | _aAVEIA FORRAGEIRA | ||
| 650 | _aPRODUÇÃO VEGETAL | ||
| 650 | _aGENÓTIPO | ||
| 650 | _aFORRAGEM | ||
| 650 | _aVALOR NUTRITIVO | ||
| 650 | _aMATÉRIA SECA | ||
| 650 | _aDIGESTIBILIDADE IN VITRO | ||
| 650 | _aPROTEÍNA BRUTA | ||
| 650 | _aCOMPOSIÇÃO QUÍMICA | ||
| 773 | 0 |
_tArs Veterinária (Brazil) _xISSN 0102-6380 _g(Jun 2005), v. 21(Suplemento) p. 175-182 _wBR0603099 |
|
| 909 |
_a202311 _bLúcia _c55 _dLúcia Elande |
||
| 942 |
_2AGRIS _n0 _cANA |
||
| 999 |
_c186339 _d186339 |
||